[Event "Enschede op-B U16"]
[Site "Enschede"]
[Date "2009.08.04"]
[Round "2"]
[White "Hachijan, Armen"]
[Black "Bayramov, Orkhan"]
[Result "1-0"]
[WhiteElo "2151"]
[BlackElo "1500"]
[PlyCount "31"]
[EventDate "2009.08.03"]
[EventType "swiss"]
[EventRounds "9"]
[EventCountry "NED"]
[SourceTitle "CBM 132 Extra"]
[Source "ChessBase"]
[SourceDate "2009.11.03"]
[SourceVersion "1"]
[SourceVersionDate "2009.11.03"]
[SourceQuality "1"]

1. e4 e5 2. Nf3 Nf6 3. Nxe5 d6 4. Nf3 Nxe4 5. Nc3 Nxc3 6. dxc3 Nc6 7. Bf4 Bg4 8. h3 Bxf3 9. Qxf3 Qf6 10. Bb5 Be7 11. Bxc6+ bxc6 12. Qxc6+ Kf8 13. Qxa8+ Bd8 14. 0-0 g6 15. Bh6+ Kg8 16. Rfe1 1-0

[Event "Enschede op-B U16"]
[Site "Enschede"]
[Date "2009.08.03"]
[Round "1"]
[White "Bayramov, Orkhan"]
[Black "Swinkels, Maurice"]
[Result "0-1"]
[WhiteElo "1500"]
[BlackElo "1888"]
[PlyCount "42"]
[EventDate "2009.08.03"]
[EventType "swiss"]
[EventRounds "9"]
[EventCountry "NED"]
[SourceTitle "CBM 132 Extra"]
[Source "ChessBase"]
[SourceDate "2009.11.03"]
[SourceVersion "1"]
[SourceVersionDate "2009.11.03"]
[SourceQuality "1"]

1. e4 c5 2. Nf3 d6 3. b4 cxb4 4. d4 Nf6 5. Bd3 Nc6 6. c4 bxc3 7. Nxc3 Bg4 8. Be2 e6 9. 0-0 Be7 10. Re1 0-0 11. Ba3 Qa5 12. Bxd6 Bxd6 13. e5 Bb4 14. exf6 Bxc3 15. fxg7 Kxg7 16. Rc1 Bxf3 17. Bxf3 Bxe1 18. Rc5 Qd2 19. Qxd2 Bxd2 20. d5 exd5 21. Rxd5 Rad8 0-1